书目信息 |
| 题名: |
各国政府机构手册
|
|
| 作者: | 辛济之 编 | |
| 分册: | ||
| 出版信息: | 北京 商务印书馆 1975 |
|
| 页数: | 856页 | |
| 开本: | 19cm | |
| 丛书名: | ||
| 单 册: | ||
| 中图分类: | D52 | |
| 科图分类: | ||
| 主题词: | 政治制度--世界 , 国家机构--世界 | |
| 电子资源: | ||
| ISBN: | ||
| 000 | 00618nam0 2200229 45 | |
| 001 | 0175001294 | |
| 005 | 20050328160336.8 | |
| 010 | @dCNY2.60 | |
| 100 | @a19950629d1975 em y0chiy0121 ea | |
| 101 | 0 | @achi |
| 102 | @aCN@b110000 | |
| 105 | @ay z 000yy | |
| 200 | 10 | @a各国政府机构手册@Age guo zheng fu ji gou shou ce@f辛济之编@FXin Ji ZhiBian |
| 210 | @a北京@c商务印书馆@d1975 | |
| 215 | @a856页@d19cm | |
| 606 | 0 | @a政治制度@x世界 |
| 606 | 0 | @a国家机构@x世界 |
| 690 | @aD52@v3 | |
| 701 | 0 | @a辛济之@4编 |
| 801 | 0 | @aCN@b广东省中山图书馆@c20050328 |
| 801 | 2 | @aCN@bNLC@c20050328 |
| 905 | @f1@b211564@dD52@e43 | |
| 各国政府机构手册/辛济之编.-北京:商务印书馆,1975 |
| 856页;19cm |
| ISBN :CNY2.60 |
| ● |
| 相关链接 |
|
|
|
|
正题名:各国政府机构手册
索取号:D52/43
 
预约/预借
| 序号 | 登录号 | 条形码 | 馆藏地/架位号 | 状态 | 备注 |
| 1 | 0211564 | 000482686 | 第一样本阅览室/ [索取号:D52/43] | 在馆 |